Noticias del Reyno de Chile: Historias, mitos, personajes y pinceladas coloniales

Furkejuvvon:
Bibliográfalaš dieđut
Váldodahkki: Lüttges Derosas, Rafael (autor)
Materiálatiipa: Girji
Giella:espánnjágiella
Almmustuhtton: Valparaíso Alba Producciones 2006
Preanttus:1a. ed
Fáttát:
Fáddágilkorat: Lasit fáddágilkoriid
Eai fáddágilkorat, Lasit vuosttaš fáddágilkora!

MARC

LEADER 00000nam a2200000 a 4500
001 UCH9774
003 CL-VaPUC
008 100121e20060000CL |||||||||||||||||spa|d
020 |a 9563103300 
082 0 4 |a Ch861  |b LUT  |2 21 
100 |a Lüttges Derosas, Rafael  |e autor  |9 547037 
245 1 0 |a Noticias del Reyno de Chile: Historias, mitos, personajes y pinceladas coloniales 
250 |a 1a. ed 
300 |a 160 p 
942 |c BK 
945 |d 20100121 00:00:00  |a dcastane 
260 |a Valparaíso  |b Alba Producciones  |c 2006 
650 0 |a Poesía chilena   |9 268403 
583 |a last modification  |c 20100121 00:00:00  |k Rodrigo Vera 
999 |c 339663  |d 339661